[Event "Xtracon Grand Master 2014"]
[Site "Koge"]
[Date "2014.10.18"]
[Round "9.2"]
[White "Danielsen, Henrik"]
[Black "Fier, Alexandr"]
[Result "0-1"]
[WhiteElo "2490"]
[BlackElo "2589"]
[PlyCount "124"]
[EventDate "2014.??.??"]
[BlackClock "0:46:10"]

1. g3 d5 2. Bg2 g6 3. Nf3 Bg7 4. O-O Nf6 5. d3 O-O 6. c3 c5 7. Bf4 h6 8. Na3 g5
9. Bd2 Nc6 10. h4 g4 11. Nh2 e5 12. e4 d4 13. cxd4 Nxd4 14. Nc4 Re8 15. Ne3 h5
16. Nc2 b6 17. Nxd4 Qxd4 18. Bc3 Qd6 19. f3 Ba6 20. fxg4 Qxd3 21. Rxf6 Qxd1+
22. Rxd1 Bxf6 23. g5 Bg7 24. Bf3 Rad8 25. Re1 b5 26. a3 Bf8 27. Ra1 Bb7 28.
Bxh5 b4 29. Be1 Kg7 30. Ng4 Be7 31. Nf6 Bxf6 32. gxf6+ Kxf6 33. axb4 Bxe4 34.
Ra6+ Re6 35. Rxa7 Bg6 36. Bg4 Rb6 37. h5 Bf5 38. Bxf5 Kxf5 39. Rxf7+ Kg4 40.
Bc3 cxb4 41. Bxe5 Kxh5 42. Rf5+ Kg6 43. Rf2 Re6 44. Bf4 b3 45. Bd2 Rd3 46. Kg2
Ra6 47. Kh3 Ra1 48. Bf4 Kh5 49. Be5 Rh1+ 50. Kg2 Re1 51. Bc3 Re4 52. Rf8 Rd5
53. Rh8+ Kg6 54. Rb8 Kf5 55. Rxb3 Re3 56. Rb8 Rdd3 57. Rg8 Re2+ 58. Kh3 Re6 59.
Rf8+ Ke4 60. Rf4+ Ke3 61. Bf6 Kd2 62. Bc3+ Ke2 {TIME} 0-1

[Event "Xtracon Grand Master 2014"]
[Site "Koge"]
[Date "2014.10.18"]
[Round "9.3"]
[White "Prohaszka, Peter"]
[Black "Andersen, Morten"]
[Result "1-0"]
[WhiteElo "2588"]
[BlackElo "2115"]
[PlyCount "69"]
[EventDate "2014.??.??"]
[WhiteClock "0:26:25"]
[BlackClock "0:34:37"]

1. d4 d5 2. Nf3 Nf6 3. g3 c5 4. c3 g6 5. Bg2 Bg7 6. dxc5 a5 7. O-O Na6 8. Be3
O-O 9. Bd4 Qc7 10. Na3 Be6 11. Nb5 Qc6 12. a4 Nxc5 13. Be5 Ncd7 14. Nfd4 Qc8
15. Nxe6 fxe6 16. Bf4 Ra6 17. Rc1 Kh8 18. Bh3 Ne8 19. b3 Qd8 20. Qc2 e5 21. Bg5
h6 22. Bd2 Nd6 23. Nxd6 Rxd6 24. c4 d4 25. c5 Ra6 26. Bg2 Qc7 27. c6 bxc6 28.
Qxg6 Rf6 29. Qe8+ Nf8 30. Rc5 Qb6 31. Rxe5 Qxb3 32. Rxe7 c5 33. Bf4 Rfe6 34.
Be5 Rxe7 35. Qxf8+ 1-0

[Event "Xtracon Grand Master 2014"]
[Site "Koge"]
[Date "2014.10.18"]
[Round "9.4"]
[White "Høi, Carsten"]
[Black "Smith, Axel"]
[Result "1-0"]
[WhiteElo "2395"]
[BlackElo "2474"]
[PlyCount "69"]
[EventDate "2014.??.??"]
[WhiteClock "0:14:23"]
[BlackClock "0:04:39"]

1. c4 e5 2. e3 d6 3. d4 Be7 4. Nf3 e4 5. Nfd2 f5 6. Be2 Nf6 7. O-O O-O 8. Nc3
c5 9. dxc5 dxc5 10. b3 Nc6 11. Bb2 Be6 12. a3 Qc7 13. Qc2 Rad8 14. Rfd1 a6 15.
Nf1 Ne5 16. Ng3 Neg4 17. Nd5 Nxd5 18. cxd5 Rxd5 19. Bc4 Rxd1+ 20. Rxd1 Qc6 21.
h3 Nh6 22. Nh5 Bf6 23. Bxf6 gxf6 24. Bxe6+ Qxe6 25. Qxc5 Qf7 26. Nf4 Qxb3 27.
Rd7 Rf7 28. Rd8+ Kg7 29. Qd6 Qb1+ 30. Kh2 Qa2 31. Ne6+ Kg6 32. Qg3+ Ng4+ 33.
hxg4 Qxe6 34. Rg8+ Kh6 35. Qh4# 1-0

[Event "Xtracon Grand Master 2014"]
[Site "Koge"]
[Date "2014.10.18"]
[Round "9.5"]
[White "Semcesen, Daniel"]
[Black "Baklan, Vladimir"]
[Result "1/2-1/2"]
[WhiteElo "2480"]
[BlackElo "2656"]
[PlyCount "38"]
[EventDate "2014.??.??"]
[WhiteClock "1:08:52"]
[BlackClock "0:38:55"]

1. d4 Nf6 2. c4 e6 3. Nc3 Bb4 4. a3 Bxc3+ 5. bxc3 b6 6. f3 Nc6 7. e4 Ba6 8. Bd3
Na5 9. Qe2 Nb3 10. Rb1 Nxc1 11. Rxc1 d6 12. f4 e5 13. fxe5 dxe5 14. Nf3 Nd7 15.
O-O O-O 16. a4 Rb8 17. Ra1 c5 18. d5 Re8 19. Ne1 Bc8 1/2-1/2

[Event "Xtracon Grand Master 2014"]
[Site "Asgaard Skole"]
[Date "2014.10.18"]
[Round "9.6"]
[White "Ahlander, Björn"]
[Black "Percivaldi, Martin"]
[Result "1-0"]
[WhiteElo "2401"]
[BlackElo "2324"]
[PlyCount "97"]
[EventDate "2014.??.??"]
[WhiteTeam "Skakklubben Nordkalotten"]
[BlackTeam "Hillerød Skakklub"]

1. c4 c5 2. Nf3 Nc6 3. Nc3 e6 4. d4 cxd4 5. Nxd4 a6 6. g3 Nf6 7. Bg2 Qb6 8.
Nxc6 dxc6 9. O-O e5 10. Na4 Qc7 11. Be3 Be6 12. Bb6 Qc8 13. f4 Nd7 14. Kh1 Bxc4
15. Be3 exf4 16. gxf4 Be7 17. Rc1 Bb5 18. Bh3 Bxa4 19. Qxa4 Qc7 20. Bd4 O-O 21.
Rg1 Nf6 22. Be5 Qb6 23. Rc3 g6 24. Rb3 Qa7 25. f5 Qc5 26. Qf4 Nh5 27. Qe4 Qd5
28. Qxd5 cxd5 29. Rxb7 Bf6 30. Bxf6 Nxf6 31. Rc1 Ne4 32. fxg6 hxg6 33. Kg1 Rfe8
34. Rc6 Ng5 35. Bf1 Re4 36. Rd7 Rg4+ 37. Kf2 Rb8 38. b3 Rbb4 39. e3 Ne4+ 40.
Ke2 Rh4 41. h3 Ng3+ 42. Kf2 Nxf1 43. Kxf1 Rxh3 44. Rf6 Rxe3 45. Rfxf7 Rbe4 46.
Rg7+ Kh8 47. Rh7+ Kg8 48. Rhg7+ Kh8 49. Rh7+ 1-0

[Event "Xtracon Grand Master 2014"]
[Site "Asgaard Skole"]
[Date "2014.10.18"]
[Round "9.7"]
[White "Brinck-Claussen, Bjørn"]
[Black "Adan Bermudez, Sergio"]
[Result "1-0"]
[WhiteElo "2227"]
[BlackElo "2357"]
[PlyCount "95"]
[EventDate "2014.??.??"]
[WhiteTeam "Sjælsø Skakklub"]
[BlackTeam "Skakklubben K41"]

1. d4 d6 2. c4 e5 3. Nf3 exd4 4. Nxd4 g6 5. g3 Bg7 6. Bg2 Ne7 7. Nc3 O-O 8. Qd2
a6 9. b3 c5 10. Nc2 Qa5 11. Bb2 Nbc6 12. Ne3 Nd4 13. Rd1 Bh6 14. f4 Re8 15.
Ncd5 Qxd2+ 16. Rxd2 Bg7 17. Nc7 Bd7 18. Nxa8 Rxa8 19. Nd5 Re8 20. Kf2 b5 21. e3
Ndf5 22. Bxg7 Kxg7 23. Nc7 Rc8 24. Nd5 Nxd5 25. Bxd5 a5 26. g4 Ne7 27. Bf3 bxc4
28. bxc4 Be6 29. Rc1 Rb8 30. e4 Rb4 31. Rxd6 Bxc4 32. a3 Rb2+ 33. Kg3 Be2 34.
Bxe2 Rxe2 35. e5 Re3+ 36. Kf2 Rxa3 37. Rxc5 Ra2+ 38. Kf3 h5 39. h3 Ra3+ 40. Ke4
Rxh3 41. Rc7 Ng8 42. g5 Rh1 43. Rdd7 Re1+ 44. Kf3 Kf8 45. Rxf7+ Ke8 46. Rg7 Kf8
47. Rcf7+ Ke8 48. Ra7 1-0

[Event "Xtracon Grand Master 2014"]
[Site "Asgaard Skole"]
[Date "2014.10.18"]
[Round "9.8"]
[White "Carstensen, Jacob"]
[Black "Akdag, Dara Sevkan"]
[Result "1-0"]
[WhiteElo "2357"]
[BlackElo "2193"]
[PlyCount "83"]
[EventDate "2014.??.??"]
[WhiteTeam "Brønshøj Skakforening"]
[BlackTeam "BMS Skak"]

1. d4 d5 2. c4 c6 3. Nf3 Nf6 4. e3 e6 5. Nbd2 Nbd7 6. Bd3 Be7 7. O-O O-O 8. b3
c5 9. Bb2 b6 10. Ne5 Bb7 11. f4 Ne4 12. cxd5 exd5 13. Nxe4 dxe4 14. Bc4 Nf6 15.
Qe2 a6 16. a4 Bd5 17. Rfd1 Bxc4 18. bxc4 cxd4 19. Bxd4 Qc7 20. a5 bxa5 21. c5
Rab8 22. Qxa6 Bxc5 23. Rdc1 Qb6 24. Qxb6 Bxb6 25. Bxb6 Rxb6 26. Rxa5 Rb3 27.
Kf2 Rb2+ 28. Kg3 Re2 29. Rc3 {(=)} Rd8 30. Nc6 Re8 31. Nd4 Rd2 32. h3 g6 33.
Rc7 Rf8 34. Rc2 Nh5+ 35. Kh4 Rd3 36. g4 Nxf4 37. exf4 Rxd4 38. Re5 Rb8 39. Rc7
Rb6 40. Re8+ Kg7 41. g5 Rb5 42. Rcc8 1-0

[Event "Xtracon Grand Master 2014"]
[Site "Asgaard Skole"]
[Date "2014.10.18"]
[Round "9.9"]
[White "Bekker-Jensen, David"]
[Black "Pedersen, Hans Dahl"]
[Result "1-0"]
[WhiteElo "2289"]
[BlackElo "2171"]
[PlyCount "53"]
[EventDate "2014.??.??"]
[WhiteTeam "Philidor"]
[BlackTeam "Køge Skakklub"]

1. e4 c5 2. Nf3 e6 3. g3 g6 4. d4 cxd4 5. Qxd4 Qf6 6. Qd1 Nc6 7. Bg2 Bh6 8. Nc3
Bxc1 9. Qxc1 a6 10. Qe3 Ne5 11. Nxe5 Qxe5 12. O-O-O Nf6 13. f4 Qa5 14. Qd4 Qd8
15. e5 Nh5 16. g4 Ng7 17. Ne4 O-O 18. Nf6+ Kh8 19. h4 Ne8 20. h5 Nxf6 21. exf6
Kg8 22. g5 Qa5 23. Qd6 Qf5 24. hxg6 fxg6 25. Rxh7 Rxf6 26. gxf6 Kxh7 27. Qe7+
1-0

[Event "Xtracon Grand Master 2014"]
[Site "Asgaard Skole"]
[Date "2014.10.18"]
[Round "9.10"]
[White "Stojanovski, Sandi"]
[Black "Pedersen, Henrik Dahl"]
[Result "1-0"]
[WhiteElo "2167"]
[BlackElo "2175"]
[PlyCount "117"]
[EventDate "2014.??.??"]
[WhiteTeam "Skakklubben K41"]
[BlackTeam "Køge Skakklub"]

1. d4 d5 2. c4 e6 3. Nc3 Nf6 4. Bg5 Bb4 5. cxd5 exd5 6. e3 c6 7. Qc2 Nbd7 8.
Bd3 Qa5 9. Nf3 O-O 10. O-O Re8 11. Rfc1 Bxc3 12. bxc3 c5 13. c4 dxc4 14. Qxc4
cxd4 15. Qxd4 h6 16. Bh4 Qd5 17. a4 Qxd4 18. Nxd4 Nd5 19. Nb5 N7f6 20. Bxf6
gxf6 21. Bc4 a6 22. Bxd5 axb5 23. axb5 Rxa1 24. Rxa1 Re7 25. h3 Kg7 26. Rc1 Re5
27. e4 Be6 28. f4 Rh5 29. Bxe6 fxe6 30. Rc7+ Kg6 31. Rxb7 Rc5 32. Re7 e5 33.
fxe5 Rxb5 34. Re6 Rb4 35. Rxf6+ Kg5 36. Rf5+ Kg6 37. Rf4 Rb5 38. Kf2 Rxe5 39.
Ke3 Ra5 40. Rf8 Kg7 41. Rb8 Ra2 42. g3 Ra6 43. Rb5 Kf6 44. Kf4 Rc6 45. g4 Ra6
46. h4 Rc6 47. Rf5+ Kg6 48. g5 hxg5+ 49. Rxg5+ Kf6 50. h5 Rc1 51. Rg6+ Kf7 52.
Ra6 Rh1 53. h6 Rh4+ 54. Ke5 Rh5+ 55. Kd4 Rh1 56. Kd5 Rh2 57. Ra7+ Kf8 58. e5
Rxh6 59. e6 1-0

[Event "Xtracon Grand Master 2014"]
[Site "Asgaard Skole"]
[Date "2014.10.18"]
[Round "9.11"]
[White "Sørensen, Dick"]
[Black "Madsen, Michael Ole"]
[Result "1/2-1/2"]
[WhiteElo "1982"]
[BlackElo "2071"]
[PlyCount "39"]
[EventDate "2014.??.??"]
[WhiteTeam "Frederiksberg Skakforening"]
[BlackTeam "Allerød Skakklub"]

1. e4 c6 2. d4 d5 3. Bd3 dxe4 4. Bxe4 Nf6 5. Bf3 Bf5 6. Ne2 e6 7. O-O Be7 8. c4
Nbd7 9. Nbc3 O-O 10. b3 e5 11. Ng3 Bg6 12. Bb2 exd4 13. Qxd4 Qc7 14. Nce4 a5
15. Rfd1 Rfd8 16. a3 Nc5 17. Qe3 Nfxe4 18. Nxe4 Qb6 19. Qc3 Bf8 20. Nxc5
1/2-1/2

[Event "Xtracon Grand Master 2014"]
[Site "Asgaard Skole"]
[Date "2014.10.18"]
[Round "9.12"]
[White "Nielsen, Viktor Haarmark"]
[Black "Christensen, Casper"]
[Result "1-0"]
[WhiteElo "2052"]
[BlackElo "1988"]
[PlyCount "107"]
[EventDate "2014.??.??"]
[WhiteTeam "Skakforeningen ØBRO"]
[BlackTeam "BMS Skak"]

1. e4 d6 2. d4 g6 3. Nc3 Bg7 4. Nf3 Bg4 5. Be2 e6 6. O-O Ne7 7. Be3 O-O 8. h3
Bxf3 {(=)} 9. Bxf3 Nbc6 10. Qd2 Re8 11. Rad1 Nc8 12. g3 Nb6 13. b3 Ne7 14. Bg2
f5 15. exf5 Nxf5 16. Bxb7 Nxe3 17. Qxe3 Rb8 18. Bc6 Re7 19. Rfe1 Qf8 20. Re2
Qf5 21. Bg2 Rf8 22. Qe4 Qa5 23. Qd3 Kh8 24. a4 Nc8 25. Ne4 Qf5 26. g4 Qf4 27.
Qf3 e5 28. Qxf4 Rxf4 29. d5 h6 30. c4 Ref7 31. a5 Bf8 32. b4 Be7 33. Rc2 Bd8
34. c5 Bh4 35. f3 Rd7 36. Rc3 Rdf7 37. Rdd3 Be1 38. Rb3 Rd7 39. Rb1 Bh4 40. Bf1
Rf8 41. Be2 Rfd8 42. Rbd1 Ne7 43. c6 Nxc6 44. dxc6 Rf7 45. b5 Rb8 46. Rb3 Bd8
47. Nc3 Rf4 48. Nd5 Ra4 49. b6 axb6 50. axb6 Ra2 51. bxc7 Bxc7 52. Rxb8+ Bxb8
53. Rb1 Ba7+ 54. Kf1 1-0

[Event "Xtracon Grand Master 2014"]
[Site "Asgaard Skole"]
[Date "2014.10.18"]
[Round "9.13"]
[White "Anghel, Mihai Ursta"]
[Black "Nielsen, Jørgen Løvgren"]
[Result "0-1"]
[WhiteElo "1835"]
[BlackElo "2111"]
[PlyCount "84"]
[EventDate "2014.??.??"]
[WhiteTeam "Haslev Skakklub"]
[BlackTeam "Roskilde Skakklub"]

1. e4 e5 2. Nf3 Nc6 3. d4 exd4 4. Bc4 Nf6 5. O-O Nxe4 6. Re1 d5 7. Bxd5 Qxd5 8.
Nc3 Qh5 9. Nxe4 Be6 10. Bg5 Bb4 11. c3 dxc3 12. bxc3 Ba5 13. Qd2 h6 14. Bf6 O-O
15. Nh4 Kh7 16. Rad1 Bb6 17. Ng3 Qc5 18. Qd3+ Kg8 19. Ne4 Qh5 20. Qg3 Qg4 21.
Qd3 Rad8 22. Bxd8 {(=)} Rxd8 23. Qxd8+ Nxd8 24. Rxd8+ Kh7 25. Nf3 Bxa2 26. Ne5
Qf5 27. Nd7 h5 28. Nxb6 axb6 29. Re8 Be6 30. Rd8 Qe5 31. h4 Kg6 32. Re3 Bg4 33.
Rd4 f6 34. Ng5 Qb5 35. Ne4 {(=)} Qc6 36. Nd2 Be6 37. Rg3+ Kf7 38. Re3 Bd5 39.
Ne4 b5 40. f3 Bc4 41. Kh2 Qb6 42. Nd2 Qc6 {TIME} 0-1

[Event "Xtracon Grand Master 2014"]
[Site "Asgaard Skole"]
[Date "2014.10.18"]
[Round "9.14"]
[White "Karlsson, Ulf"]
[Black "Jacobsen, Mikkel Manosri"]
[Result "1-0"]
[WhiteElo "2009"]
[BlackElo "1944"]
[PlyCount "81"]
[EventDate "2014.??.??"]
[BlackTeam "BMS Skak"]

1. e4 c6 2. d4 d5 3. Nc3 dxe4 4. Nxe4 Bf5 5. Ng3 Bg6 6. Nf3 Nd7 7. h4 h6 8. h5
Bh7 9. Bd3 Bxd3 10. Qxd3 e6 11. Bd2 Ngf6 12. O-O-O Bd6 13. Kb1 Qc7 14. Ne4 Nxe4
15. Qxe4 Nf6 16. Qe2 b5 17. g4 a5 18. g5 hxg5 19. Nxg5 Nd5 20. Ne4 b4 21. Nxd6+
Qxd6 22. Rhg1 Rb8 23. Qf3 Rh7 24. Rg3 Nf6 25. h6 Rb5 26. hxg7 Ng8 27. c4 Rf5
28. Qg2 Rh4 29. Bg5 Rh7 30. Be3 Rfh5 31. Qf3 Rf5 32. Qe4 Rhh5 33. Rh1 Ke7 34.
Rxh5 Rxh5 35. Bf4 Qd7 36. Kc2 c5 37. dxc5 Qa4+ 38. Kd2 Qxa2 39. Bd6+ Kf6 40.
Qf4+ Rf5 41. Qh4+ 1-0

[Event "Xtracon Grand Master 2014"]
[Site "Asgaard Skole"]
[Date "2014.10.18"]
[Round "9.15"]
[White "Hansen, Lars-Henrik Bech"]
[Black "Bojesen, Villads Ussing"]
[Result "0-1"]
[WhiteElo "2001"]
[BlackElo "1838"]
[PlyCount "54"]
[EventDate "2014.??.??"]
[WhiteTeam "BMS Skak"]
[BlackTeam "Skakforeningen ØBRO"]

1. e4 e5 2. Nf3 Nc6 3. d4 exd4 4. Bc4 Bc5 5. c3 Nf6 6. e5 d5 7. Bb5 Ne4 8. Nxd4
O-O 9. Bxc6 bxc6 10. O-O f6 11. f3 fxe5 12. fxe4 Rxf1+ 13. Kxf1 exd4 14. cxd4
Qf6+ 15. Kg1 Bxd4+ 16. Kh1 Bg4 17. Qe1 dxe4 18. Nc3 e3 19. h3 Bh5 20. Ne2 Qf2
21. Qxf2 exf2 22. Ng3 Be2 23. Bd2 Rf8 24. Nf1 Bxb2 25. Rb1 Bd3 26. Rxb2 Bxf1
27. Be3 Bxg2+ 0-1

[Event "Xtracon Grand Master 2014"]
[Site "Asgaard Skole"]
[Date "2014.10.18"]
[Round "9.16"]
[White "Nielsen, John Holm"]
[Black "Petersen, Rasmus"]
[Result "1-0"]
[WhiteElo "2022"]
[BlackElo "1627"]
[PlyCount "55"]
[EventDate "2014.??.??"]
[WhiteTeam "Enkeltmedlem 1 HK"]
[BlackTeam "Helsinge Skakklub"]

1. Nc3 d5 2. e4 dxe4 3. Nxe4 Bf5 4. Qf3 Bg6 5. Bc4 e6 6. c3 Nd7 7. d4 c6 8. Ne2
Ngf6 9. N2g3 Be7 10. O-O O-O 11. Re1 Nxe4 12. Nxe4 Nf6 13. Nxf6+ Bxf6 14. Bf4
Qa5 15. Be5 Bxe5 16. Rxe5 Qc7 17. Rae1 a5 18. h4 h5 19. Qg3 Bf5 20. Be2 f6 21.
Re3 Qxg3 22. Rxg3 Bg4 23. Bxg4 hxg4 24. Rxe6 f5 25. f3 gxf3 26. Rxf3 Rf7 27.
Re5 g6 28. h5 1-0

[Event "Xtracon Grand Master 2014"]
[Site "Asgaard Skole"]
[Date "2014.10.18"]
[Round "9.17"]
[White "Stuhr, Peter Sebastian"]
[Black "Wang, Peter"]
[Result "1-0"]
[WhiteElo "1927"]
[BlackElo "1877"]
[PlyCount "75"]
[EventDate "2014.??.??"]
[WhiteTeam "Køge Skakklub"]
[BlackTeam "Næstved Skakklub"]

1. Nc3 Nf6 2. e4 d6 3. Bc4 e6 4. d3 Be7 5. f4 d5 6. exd5 exd5 7. Bb3 Nc6 8. Ba4
a6 9. Bxc6+ bxc6 10. Nf3 Bg4 11. O-O O-O 12. Qe1 Bxf3 13. Rxf3 Bc5+ 14. Kh1 Qd7
15. Qh4 Rae8 16. Bd2 Re7 17. f5 Re5 18. Raf1 d4 19. Ne4 Be7 20. Qg3 Nxe4 21.
dxe4 f6 22. Qh4 Rf7 23. Rh3 h6 24. Qg4 Kf8 25. Rff3 Ke8 26. Rb3 Rb5 27. Qg6 Bf8
28. Rhd3 c5 29. c4 Rb6 30. Ba5 Rxb3 31. Rxb3 Qa4 32. Bxc7 Qxc4 33. h4 Kd7 34.
Qg3 Kc6 35. Rb6+ Kd7 36. Bd8 Kxd8 37. Qb8+ Kd7 38. Qa7+ 1-0

[Event "Xtracon Grand Master 2014"]
[Site "Asgaard Skole"]
[Date "2014.10.18"]
[Round "9.18"]
[White "Undheim, Bjarne"]
[Black "Møller, Arne Vagn"]
[Result "1/2-1/2"]
[WhiteElo "1912"]
[BlackElo "1871"]
[PlyCount "60"]
[EventDate "2014.??.??"]
[BlackTeam "Amager Skakforening"]

1. e4 c5 2. Nf3 d6 3. Bb5+ Bd7 4. Bxd7+ Qxd7 5. O-O Nc6 6. d4 cxd4 7. Nxd4 g6
8. Be3 Bg7 9. c3 Nf6 10. f3 O-O 11. Qd2 a6 12. Na3 b5 13. Nac2 Ne5 14. Rad1 Nc4
15. Qc1 Nxe3 16. Qxe3 Rac8 17. Qe2 Qb7 18. Kh1 Rc5 19. Rfe1 Re5 20. Qf2 d5 21.
exd5 Rxe1+ 22. Qxe1 Qxd5 23. Nb4 Qb7 24. Nbc6 Re8 25. Ne5 e6 26. Ndc6 Nd5 27.
Nd4 Qc7 28. Ng4 h5 29. Ne3 Nb6 30. Nb3 Rd8 1/2-1/2

[Event "Xtracon Grand Master 2014"]
[Site "Asgaard Skole"]
[Date "2014.10.18"]
[Round "9.20"]
[White "Jørgensen, Alexander Torp"]
[Black "Andersen, Daniel"]
[Result "0-1"]
[WhiteElo "1882"]
[BlackElo "1957"]
[PlyCount "114"]
[EventDate "2014.??.??"]
[WhiteTeam "Næstved Skakklub"]
[BlackTeam "Frederikssund Skakklub"]

1. d4 Nf6 2. c4 g6 3. Nc3 d5 4. cxd5 Nxd5 5. e4 Nxc3 6. bxc3 Bg7 7. Bg5 c5 8.
Nf3 O-O 9. Rc1 h6 10. Bh4 cxd4 11. Nxd4 g5 12. Bg3 Qa5 13. Qd2 Rd8 14. Rd1 Be6
15. a4 Nc6 16. Nxc6 bxc6 17. Qc2 Qxc3+ 18. Rd2 Qa5 19. Ke2 Bc4+ 20. Ke3 Qc5+
21. Kf3 g4+ 22. Kxg4 Qg5+ 23. Kf3 Rxd2 24. Qxc4 c5 25. Bf4 Rxf2+ 26. Kxf2 Qxf4+
27. Ke2 Rd8 28. Qc2 Rd4 29. Qxc5 Rd2+ 30. Ke1 Bd4 31. Qc8+ Kg7 32. Qg4+ Qxg4
33. Kxd2 Qxe4 34. Kd1 Qe3 35. Bb5 Bc3 36. Kc2 Qd2+ 37. Kb3 Qb2+ 38. Kc4 Qb4+
39. Kd3 Qd4+ 40. Kc2 Bb4 41. Rc1 a5 42. Kb3 Qd5+ 43. Kb2 Qxg2+ 44. Rc2 Qe4 45.
Bc6 Qd4+ 46. Kb3 e5 47. Rg2+ Kf6 48. h3 e4 49. Bb5 Ke5 50. Rg4 f5 51. Rg8 Qc3+
52. Ka2 Qxh3 53. Re8+ Kf4 54. Rd8 h5 55. Rd1 h4 56. Rc1 Qg2+ 57. Kb3 h3 0-1

[Event "Xtracon Grand Master 2014"]
[Site "Asgaard Skole"]
[Date "2014.10.18"]
[Round "9.21"]
[White "Hansen, Verner"]
[Black "Nielsen, Kai Gylling"]
[Result "1-0"]
[WhiteElo "1870"]
[BlackElo "1846"]
[PlyCount "85"]
[EventDate "2014.??.??"]
[WhiteTeam "Espergærde Skakklub"]
[BlackTeam "Roskilde Skakklub"]

1. e4 c5 2. Nc3 d6 3. d3 g6 4. g3 Bg7 5. Bg2 Nc6 6. f4 e6 7. Nf3 Nge7 8. O-O
O-O 9. Be3 b6 10. d4 Ba6 11. Re1 Qc7 12. Rb1 Rad8 13. d5 Na5 14. dxe6 fxe6 15.
Ng5 Qc8 16. Bh3 Rf6 17. Nd5 Nxd5 18. exd5 Re8 19. Bxe6+ Rfxe6 20. Nxe6 Bf6 21.
b3 Bb7 22. c4 b5 23. Bd2 b4 24. Qg4 Nc6 25. h4 Nd4 26. h5 Nxe6 27. Rxe6 Bd4+
28. Kh2 Rxe6 29. Qxe6+ Qxe6 30. dxe6 Kf8 31. hxg6 hxg6 32. g4 Ke7 33. Re1 a5
34. f5 Bf6 35. Kh3 g5 36. Kg3 Bc6 37. Kf2 Bd4+ 38. Be3 Bc3 39. Bxg5+ Ke8 40. f6
Bxe1+ 41. Kxe1 a4 42. f7+ Kf8 43. Bh6+ 1-0

[Event "Xtracon Grand Master 2014"]
[Site "Asgaard Skole"]
[Date "2014.10.18"]
[Round "9.22"]
[White "Severinsen, Frank"]
[Black "Schmidt, Horst Hubert"]
[Result "1-0"]
[WhiteElo "1792"]
[BlackElo "1764"]
[PlyCount "73"]
[EventDate "2014.??.??"]
[WhiteTeam "Skakklubben K41"]
[BlackTeam "Brønshøj Skakforening"]

1. e4 d6 2. d4 g6 3. f4 Bg7 4. Nf3 Nf6 5. Nc3 O-O 6. Bc4 c6 7. O-O b5 8. Bb3 a5
9. a3 Qb6 10. Kh1 c5 11. dxc5 Qxc5 12. Qe1 Bg4 13. Be3 Qh5 14. Nd5 Nxd5 15.
Bxd5 Nc6 16. Bxc6 Rac8 17. Bd5 Rxc2 18. Nd4 Rxb2 19. Rb1 Bxd4 20. Bxd4 Re2 21.
Qg3 e6 22. Bc6 Rd2 23. Rxb5 Be2 24. Rxh5 Bxf1 25. Bf2 Rc8 26. Ba4 Rc1 27. h3
Bb5+ 28. Kh2 Bxa4 29. Rxa5 Rdd1 30. Ra8+ Kg7 31. Qf3 Rh1+ 32. Kg3 Rc4 33. Qd3
d5 34. exd5 exd5 35. Bd4+ Kh6 36. Qe3 Bd1 37. Qe5 1-0

[Event "Xtracon Grand Master 2014"]
[Site "Asgaard Skole"]
[Date "2014.10.18"]
[Round "9.23"]
[White "Kokholm, Daniel"]
[Black "Hein, Jacob"]
[Result "1-0"]
[WhiteElo "1899"]
[BlackElo "1445"]
[PlyCount "77"]
[EventDate "2014.??.??"]
[WhiteTeam "Skakklubben K41"]
[BlackTeam "Espergærde Skakklub"]

1. e4 e5 2. Nf3 d6 3. Bc4 Qf6 4. d3 h6 5. h3 Be7 6. Nc3 c6 7. a4 a5 8. Be3 Bd8
9. d4 Nd7 10. Qd2 Bb6 11. Ne2 Ne7 12. c3 O-O 13. Ng3 Rd8 14. Rd1 d5 15. Bd3 Nf8
16. Nxe5 Be6 17. Nh5 Qh4 18. g4 Bxg4 19. Nxg4 Qxh5 20. Rg1 Kh8 21. Ne5 Ne6 22.
Be2 Qxe5 23. dxe5 dxe4 24. Qc2 Rxd1+ 25. Kxd1 Bxe3 26. fxe3 Rd8+ 27. Kc1 Nc5
28. Rd1 Rxd1+ 29. Qxd1 Nd5 30. Kb1 Kh7 31. Bc4 Nxe3 32. Qe2 Nd5 {(=)} 33. Qd2
f5 34. Qf2 f4 {(=)} 35. Qxc5 f3 36. Bxd5 cxd5 37. e6 Kg6 38. Qxd5 f2 39. Qxe4+
1-0

[Event "Xtracon Grand Master 2014"]
[Site "Asgaard Skole"]
[Date "2014.10.18"]
[Round "9.24"]
[White "Nielsen, Bjørn"]
[Black "Tolba, Henri"]
[Result "0-1"]
[WhiteElo "1398"]
[BlackElo "1698"]
[PlyCount "112"]
[EventDate "2014.??.??"]
[WhiteTeam "Nørrebro Skakklub"]
[BlackTeam "Hvidovre Skakklub"]

1. e4 c5 2. Nc3 Nc6 3. Nf3 d6 4. Bb5 a6 5. Bxc6+ bxc6 6. O-O g6 7. d4 cxd4 8.
Nxd4 c5 9. Nf3 e6 10. Re1 Bg7 11. Ne2 Rb8 12. c3 Bb7 13. Ng3 e5 14. Rb1 Nf6 15.
Qa4+ Qd7 16. Qxd7+ Nxd7 17. c4 Nb6 18. b3 Ke7 19. Kh1 h6 20. Ng1 Bc8 21. f3 f6
22. Be3 f5 23. N3e2 f4 24. Bf2 g5 25. h3 h5 26. Nc3 g4 27. Nd5+ Nxd5 28. cxd5
g3 29. Bxc5 dxc5 30. Rbc1 Kd6 31. Rc3 Bd7 32. Rec1 Rhc8 33. Rc4 Bf6 34. R4c2
Bd8 35. Ne2 h4 36. Kg1 Bb6 37. Kf1 Bb5 38. Ke1 Bd3 39. Rb2 c4 40. b4 Be3 41.
Rd1 Bf2+ 42. Kf1 c3 43. Rb3 Bc2 44. Rxc3 Bxd1 45. Ra3 Bxe2+ 46. Kxe2 Ra8 47.
Rb3 Bd4 48. Rd3 Rc2+ 49. Rd2 Rac8 50. a4 Rxd2+ 51. Kxd2 Bc3+ 52. Kd3 Bxb4 53.
a5 Rc3+ 54. Ke2 Rc2+ 55. Kf1 Bc3 56. Kg1 Rc1# 0-1